Industrial rents kept steady by increased incentives (Record no. 73022)
[ view plain ]
| 000 -LEADER | |
|---|---|
| fixed length control field | 01029cam a2200205 4500 |
| 001 - CONTROL NUMBER | |
| control field | WB3926-03 |
| 008 - FIXED-LENGTH DATA ELEMENTS--GENERAL INFORMATION | |
| fixed length control field | 030710n2003 000 0 eng u |
| 035 ## - SYSTEM CONTROL NUMBER | |
| System control number | (Sirsi) u122971 |
| 245 ## - TITLE STATEMENT | |
| Title | Industrial rents kept steady by increased incentives |
| 260 ## - PUBLICATION, DISTRIBUTION, ETC. | |
| Date of publication, distribution, etc. | 2003 |
| 490 ## - SERIES STATEMENT | |
| Series statement | Property Week |
| Volume/sequential designation | 68(26) 4 July 2003, 12(1) |
| 520 ## - SUMMARY, ETC. | |
| Summary, etc. | UK industrial headline rents have been maintained by increased landlord incentives in the six months to March 2003 according to the first quarter 2003 "50 centres industrial rents" guide produced by Jones Lang Lasalle. Headline rents have remained static in more than two-thirds of the 50 regional centres surveyed. Rents increased in nine centres and fell in seven. Register gratis on the Jones Lang Lasalle website at http://www.joneslanglasalle.co.uk/ to view the report. |
| 590 ## - LOCAL NOTE (RLIN) | |
| Local note | WB |
| 650 ## - SUBJECT ADDED ENTRY--TOPICAL TERM | |
| Topical term or geographic name entry element | INDUSTRIAL MARKET |
| 650 ## - SUBJECT ADDED ENTRY--TOPICAL TERM | |
| Topical term or geographic name entry element | INDUSTRIAL RENTS |
| 650 ## - SUBJECT ADDED ENTRY--TOPICAL TERM | |
| Topical term or geographic name entry element | RANKINGS |
| 650 ## - SUBJECT ADDED ENTRY--TOPICAL TERM | |
| Topical term or geographic name entry element | PRIME RENTS |
| 690 ## - LOCAL SUBJECT ADDED ENTRY--TOPICAL TERM (OCLC, RLIN) | |
| Topical term or geographic name as entry element | PROPERTY-COMMERCIAL PROPERTY-COMMERCIAL PROPERTY MARKET |
| 942 ## - ADDED ENTRY ELEMENTS (KOHA) | |
| Suppress in OPAC | 0 |
| Withdrawn status | Lost status | Source of classification or shelving scheme | Damaged status | Not for loan | Home library | Current library | Shelving location | Date acquired | Total Checkouts | Full call number | Barcode | Date last seen | Copy number | Price effective from | Koha item type |
|---|---|---|---|---|---|---|---|---|---|---|---|---|---|---|---|
| Dewey Decimal Classification | London | London | News article | 10/07/2003 | WB3926-03 | 122971-1001 | 06/08/2019 | 1 | 06/08/2019 | News article |